| 000 | 01038nam a22002177a 4500 | ||
|---|---|---|---|
| 001 | 121270 | ||
| 008 | 151222s2022 xxk|||||o|||| 00| 0 eng d | ||
| 041 | _aeng | ||
| 110 | _aRoyal Institution of Chartered Surveyors | ||
| 245 |
_aReinstating your boundary after extreme weather damage, _bA clear impartial guide _h[Electronic resource] |
||
| 260 |
_aLondon, _bRoyal Institution of Chartered Surveyors, _c14 December 2022 |
||
| 300 | _a15p. | ||
| 490 | _aRICS Consumer guide | ||
| 520 | _aThis guide advises on what steps to take to reinstate a boundary following extreme weather events such as fire, flood or storm damage and where you can go for advice. It replaces and expands on a 2007 guide on reinstating boundaries after flooding. | ||
| 650 | _aFlooding | ||
| 650 | _aBoundary Disputes | ||
| 651 | _aUnited Kingdom | ||
| 690 |
_96221 _aBoundary disputes |
||
| 856 |
_uhttps://www.ricsfirms.com/media/1304/reinstating-your-boundary-after-extreme-weather-damage.pdf _zAvailable on rics.org/consumerguides |
||
| 942 | _n0 | ||
| 999 |
_c121270 _d121270 |
||